Corporate Accounting (Record no. 9754)

MARC details
000 -LEADER
fixed length control field 00375nam a22001457a 4500
008 - FIXED-LENGTH DATA ELEMENTS--GENERAL INFORMATION
fixed length control field 231204b |||||||| |||| 00| 0 eng d
082 ## - DEWEY DECIMAL CLASSIFICATION NUMBER
Classification number 657.9 BAS
100 ## - MAIN ENTRY--PERSONAL NAME
Personal name Basu, Sankar Prasad.
245 ## - TITLE STATEMENT
Title Corporate Accounting
250 ## - EDITION STATEMENT
Edition statement 12th ed.
260 ## - PUBLICATION, DISTRIBUTION, ETC.
Place of publication, distribution, etc. Kolkata :
Name of publisher, distributor, etc. Amit Biswas,
Date of publication, distribution, etc. 2006.
300 ## - PHYSICAL DESCRIPTION
Extent xv.1272 p:
Dimensions 23.5 Cm.
700 ## - ADDED ENTRY--PERSONAL NAME
Personal name Das, Monilal.
Relator term Author
942 ## - Added entry Elements (Koha)
Source of classification or shelving scheme Dewey Decimal Classification
Holdings
Withdrawn status Lost status Source of classification or shelving scheme Damaged status Not for loan Collection code Home library Current library Shelving location Date acquired Serial Enumeration / chronology Total Checkouts Full call number Barcode Date last seen Price effective from Koha item type
    Dewey Decimal Classification     Main TEST RTC Library RTC Library Main opac 04/12/2023 177990   657.9 BAS 30019116 04/12/2023 04/12/2023 Main
Royal Thimphu College || All Right Reserved